| Tag |
First Indicator |
Second Indicator |
Subfields |
| LEADER |
00000cam a22000001a 4500 |
| 001 |
in00002789871 |
| 005 |
20190331181241.0 |
| 006 |
m o d |
| 007 |
cr bn mmmapmmp |
| 008 |
091230s1917 dcud o f000 0 eng d |
| 035 |
|
|
|a cis2004332200
|
| 040 |
|
|
|a UMI
|c UMI
|d UtOrBLW
|
| 043 |
|
|
|a n-us---
|
| 086 |
0 |
|
|a I 1.1:917/v.1
|
| 099 |
|
|
|a ProQuest Serial Set Number 7357 H.doc.915/5
|
| 110 |
1 |
|
|a United States.
|b Bureau of Education.
|
| 245 |
1 |
0 |
|a Statement of the Commissioner of Education.
|
| 246 |
1 |
|
|a Statement of Commissioner of Education, 1917, p. 343
|
| 264 |
|
1 |
|a Washington :
|b [publisher not identified],
|c 1917.
|
| 300 |
|
|
|a 1 online resource.
|
| 336 |
|
|
|a text
|b txt
|2 rdacontent
|
| 337 |
|
|
|a computer
|b c
|2 rdamedia
|
| 338 |
|
|
|a online resource
|b cr
|2 rdacarrier
|
| 490 |
0 |
|
|a H.doc.915/5
|
| 500 |
|
|
|a [Enclosed with 7357 H.doc.915]
|
| 500 |
|
|
|a Record is based on bibliographic data in ProQuest U.S. Serial Set Digital Collection (last viewed Dec. 2009). Reuse except for individual research requires license from ProQuest, LLC.
|
| 510 |
3 |
|
|a ProQuest U.S. Serial Set Digital Collection
|
| 500 |
|
|
|a Electronic resource.
|
| 650 |
|
0 |
|a Education.
|
| 650 |
|
0 |
|a Education, Secondary.
|
| 650 |
|
0 |
|a Education, Higher.
|
| 655 |
|
7 |
|a Electronic books.
|2 local
|
| 710 |
2 |
|
|a ProQuest (Firm)
|
| 710 |
1 |
|
|a United States.
|b Department of the Interior.
|
| 830 |
|
0 |
|a United States congressional serial set.
|
| 856 |
4 |
0 |
|u http://proxy.library.tamu.edu/login?url=http://congressional.proquest.com/congcomp/getdoc?SERIAL-SET-ID=7357+H.doc.915/5
|z Connect to the full text of this electronic book
|t 0
|
| 999 |
|
|
|a MARS
|
| 999 |
f |
f |
|s 8c853ed6-96ec-35b7-9674-1132d385c2a5
|i f58a5f52-5b25-3392-86fe-0e699cf303dc
|t 0
|
| 952 |
f |
f |
|a Texas A&M University
|b College Station
|c Electronic Resources
|d Available Online
|t 0
|e ProQuest Serial Set Number 7357 H.doc.915/5
|h Other scheme
|
| 998 |
f |
f |
|a ProQuest Serial Set Number 7357 H.doc.915/5
|t 0
|l Available Online
|